00635 2200181 4500245002600000250001500026100001300041700002200054650003600076650001000112005001900122260005900141041001400200084000800214300001900222490020300241336000900444 aEjaancSriyantohText aEd. Revisi aSriyanto aEndah Nur Fatimah aTata Penulisan Bahasa Indonesia aEbook a20241104081527 aJakartabBadan Pengembangan Bahasa dan Pebukuan,c2019 aIndonesia a411 aix :c117 hlm. aDATA KETERSEDIAAN KOLEKSI PERPUSTAKAAN SMKN 62 JAKARTA DATA KETERSEDIAAN KOLEKSI PERPUSTAKAAN SMKN 62 JAKARTA 100% 10 E787 Seri Penyuluhan Bahasa Indonesia Seri Penyuluhan Bahasa I atext